000 00577nam a22001817a 4500
003 URS
005 20251027105749.0
008 251027b |||||||| |||| 00| 0 eng d
040 _cURS
100 _aTarr, Nathan
_eauthor
245 _aAlternatives in MObilization :
_bEthnicity, Religion, and Political Conflict
_cNathan Tarr
300 _apages 448-449
336 _2 rdacontent
_atext
_btxt
337 _2rdamedia
_aunmediated
_bn
338 _2rdacarrier
_a volume
_bnc
773 0 _07583
_993009
_oPIL-00323195.138.3
_tPolitical science quarterly:
_x00323195
942 _2ddc
_cCR
999 _c88522
_d88519